| 000 | 00512nam a2200181Ia 4500 | ||
|---|---|---|---|
| 999 |
_c23233 _d23233 |
||
| 003 | OSt | ||
| 005 | 20200323095325.0 | ||
| 008 | 190216s9999||||xx |||||||||||||| ||und|| | ||
| 020 | _a9781851681921 | ||
| 040 | _coclc | ||
| 082 |
_a297 _bTAY/I |
||
| 100 |
_aTayob, Abdulkader _92145 |
||
| 245 | 0 |
_aIslam A Short Introduction / _cAbdulkader Tayob |
|
| 260 |
_bOneworld Oxford, _c2006. _aEngland: |
||
| 300 | _a178p | ||
| 650 | _aIslamic History | ||
| 942 |
_cBK _2ddc _h297 _iTAY/I _k297 _mTAY/I |
||